000 00191nam a22000857a 4500
008 170624b xxu||||| |||| 00| 0 eng d
100 _93657
_aSteimatzky
245 _aIsrael
260 _aItraly
_b2008
999 _c7066
_d7066